Handicap et inégalités sociales : premiers apports de l'enquête « Handicaps, incapacités, dépendance » (notice n° 1647379)

détails MARC
000 -LEADER
fixed length control field 02324cam a2200181 4500500
005 - DATE AND TIME OF LATEST TRANSACTION
control field 20260208003230.0
041 ## - LANGUAGE CODE
Language code of text/sound track or separate title fre
042 ## - AUTHENTICATION CODE
Authentication code dc
100 10 - MAIN ENTRY--PERSONAL NAME
Personal name Mormiche, Pierre
Relator term author
245 00 - TITLE STATEMENT
Title Handicap et inégalités sociales : premiers apports de l'enquête « Handicaps, incapacités, dépendance »
260 ## - PUBLICATION, DISTRIBUTION, ETC.
Date of publication, distribution, etc. 2003.<br/>
500 ## - GENERAL NOTE
General note 89
520 ## - SUMMARY, ETC.
Summary, etc. RésuméLe concept de handicap recouvre les différentes dimensions des conséquences de maladies invalidantes ou d’accidents, c’est-à-dire le niveau lésionnel (les déficiences), le niveau fonctionnel (les incapacités) et le niveau situationnel (les désavantages). Cet article aborde, à ces trois niveaux, les relations entre handicap et inégalités sociales grâce à l’enquête « Handicaps, incapacités, dépendance ». Il met successivement en rapport la catégorie socioprofessionnelle avec le nombre de déficiences déclarées, avec le recours à l’institution, avec les incapacités déclarées puis enfin avec le désavantage social sous l’angle de l’accès à l’emploi. Les résultats montrent que les inégalités se creusent quand on passe des déficiences aux incapacités et des incapacités au désavantage. Autrement dit, l’inégalité sociale cumule ses effets à chacune des étapes du processus de production du handicap.
520 ## - SUMMARY, ETC.
Summary, etc. The notion of disability covers the various aspects of the consequences of debilitating illness or accidents in terms of lesions (deficiencies), functions (incapacities) and situations (disadvantages). This article considers, at all three levels, the relations between disability and social inequality using the HID survey. We relate sociœconomic status with, successively, recourse to institutionalistion, reported incapacities, and finally labour market access. The results show that inequalities increase as one moves from deficiencies to incapacities and from incapacities to disadvantages. In other words, social inequality has a cumulative impact at each stage of the process by which disability is produced.
700 10 - ADDED ENTRY--PERSONAL NAME
Personal name Boissonnat, Vincent
Relator term author
786 0# - DATA SOURCE ENTRY
Note Revue française des affaires sociales | - | 1 | 2003-03-01 | p. 267-285 | 0035-2985
856 41 - ELECTRONIC LOCATION AND ACCESS
Uniform Resource Identifier <a href="https://shs.cairn.info/revue-francaise-des-affaires-sociales-2003-1-page-267?lang=fr&redirect-ssocas=7080">https://shs.cairn.info/revue-francaise-des-affaires-sociales-2003-1-page-267?lang=fr&redirect-ssocas=7080</a>

Pas d'exemplaire disponible.

PLUDOC

PLUDOC est la plateforme unique et centralisée de gestion des bibliothèques physiques et numériques de Guinée administré par le CEDUST. Elle est la plus grande base de données de ressources documentaires pour les Étudiants, Enseignants chercheurs et Chercheurs de Guinée.

Adresse

627 919 101/664 919 101

25 boulevard du commerce
Kaloum, Conakry, Guinée

Réseaux sociaux

Powered by Netsen Group @ 2025